Cover the Alphabet - South American Countries Quiz Stats

 Plays Quiz Updated Nov 15, 2019

Score 0/52 Timer 00:45
14 Plays Today
% Correct
F - Go
100%
J - Go
99.6%
K - Go
99.6%
Q - Go
99.6%
W - Go
99.6%
X - Go
99.6%
F - Go
99.6%
J - Go
99.6%
K - Go
99.6%
Q - Go
99.6%
W - Go
99.6%
X - Go
99.6%
A - Guyana...
98%
A - Guyana...
98%
I - Chile...
97.9%
I - Chile...
97.9%
R - Peru...
97.9%
R - Peru...
97.9%
L - Chile...
97.8%
L - Chile...
97.8%
E - Peru...
97.5%
E - Peru...
97.5%
B - Bolivia...
97.3%
B - Bolivia...
97.3%
U - Peru...
96.7%
U - Peru...
96.7%
% Correct
Z - Brazil...
95.6%
Z - Brazil...
95.6%
N - Guyana...
95.5%
N - Guyana...
95.5%
G - Guyana...
95.5%
G - Guyana...
95.5%
C - Chile...
95%
C - Chile...
95%
P - Peru...
93.8%
P - Peru...
93.8%
O - Bolivia...
91.5%
O - Bolivia...
91.5%
V - Bolivia...
91%
V - Bolivia...
91%
Y - Guyana...
89.2%
Y - Guyana...
89.2%
T - Argentina
86.6%
T - Argentina
86.6%
H - Chile
85.5%
H - Chile
85.5%
M - Colombia...
85.2%
M - Colombia...
85.2%
S - Suriname
70.9%
S - Suriname
70.9%
D - Ecuador
68.3%
D - Ecuador
68.3%

You're not logged in!

Compare scores with friends on all Sporcle quizzes.
OR
Log In

Sporcle TV

Today on Sporcle TV


Watch our educational content, quiz creation guides, and fun videos on Sporcle TV.

Show Comments

Extras

Top Quizzes Today


Score Distribution

Your Account Isn't Verified!

In order to create a playlist on Sporcle, you need to verify the email address you used during registration. Go to your Sporcle Settings to finish the process.

Report this User

Report this user for behavior that violates our Community Guidelines.

Details: